Histoire : Qui sont ces prisonniers célèbres ? (2) - Statistiques

Statistiques générales
  • Ce quiz a été pris 59 fois
  • Le résultat moyen est 9 sur 25
Statistiques - réponses
Hint Réponse % Correct
1412-1431 Jeune fille lorraine qui aide le roi Charles VII à reprendre une partie de la France aux Anglais avant d'être brulée à Rouen Jeanne d'Arc
100%
1755-1793 Archiduchesse autrichienne devenue reine de France guillotinée en 1793 Marie-Antoinette d'Autriche | Marie-Antoinette
96%
1869-1948 Guide spirituel de l'Inde, dirigeant politique. Il est plusieurs fois emprisonné en Afrique-du-Sud et en Inde Gandhi | Mohandas Karamchand Gandhi
75%
1754-1793 Roi de France, emprisonné au Temple et guillotiné en 1793 Louis XVI
67%
1918-2013 Homme politique sud-africain président de son pays de 1994 à 1999. Nelson Mandela | Madiba
67%
1943-2021 Homme d'affaires français. Emprisonné en 1997 suite à un scandale dans le milieu du football Bernard Tapie
64%
-470/-399 Philosophe grec, il est accusé de corrompre la jeunesse et emprisonné. Il se suicide sur ordre. Socrate
53%
1808-1873 Président puis empereur français détenu au fort de Ham de 1840 à 1846 Napoléon III
51%
1768-1793 Elle assassine Marat dans sa baignoire le 17 juillet 1793. Condamnée à mort, elle est guollotinée Charlotte Corday
45%
1859-1935 Officier français accusé à tort d'espionnage au profit de l'Allemagne, détenu en Guyane de 1895 à 1899 Alfred Dreyfus
42%
1830-1905 Institutrice et anarchiste française. Elle participe activement à la Commune. Arrêtée, elle est déportée en Nouvelle-Calédonie Louise Michel
42%
1694-1778 Ecrivain, philosophe et encyclopédiste, il est embastillé à plusieurs reprises pour avoir publié des écrits désapprouvés par le pouvoir Voltaire | François-Marie Arouet
40%
1856-1951 Maréchal de France puis chef d'Etat, emprisonné de 1945 à sa mort après sa condamnation pour intelligence avec l'ennemi et haute trahison Philippe Pétain
38%
1976-2024 Avocat et opposant au régime russe. Emprisonné de 2021 à sa mort Alexeï Navalny
24%
1743-1794 Chimiste et fermier général, il est arrêté et guillotiné pendant la Terreur Antoine Lavoisier
16%
1244-1314 Dernier grand maître de l'Ordre du Temple, emprisonné en 1307 et brulé en 1314 Jacques de Molay
16%
1742-1823 Souverain pontife à partir de 1800, Enlevé sur ordre de Napoléon en 1809, il demeure en France jusqu'en 1814. Pie VII | Barnaba Chiaramonti
16%
1953-2017 Assassin d'un enfant de 7 ans. Condamné à perpétuité, il meurt en 2017 quelques mois après avoir été libéré Patrick Henry
13%
1921-1989 Physicien, prix Nobel de la Paix en 1975. Emprisonné en 1980 pour avoir critiqué le régime de l'URSS Andrei Sakharov
9%
1854-1981 Militant nationaliste irlandais. Mort d'une grève de la faim en 1981 Bobby Sands
7%
1478-1535 Saint catholique, juriste, historien, philosophe, humaniste, théologien et homme politique anglais, ami du roi Henri VIII. Disgracié, il est emprisonné jusqu'à son éxécution Thomas More
5%
1291-1330 Elle épouse le futur roi Philippe V en 1307. Arrêtée sur ordre de Philippe IV car accusée d'adultère, elle est détenue à Dourdan, Puis, acquittée, revient à la cour. Jeanne de Bourgogne
4%
1421-1491 Cardinal accusé de trahison par Louis XI et détenu dans une cage. Jean de la Balue | La Balue
2%
1922-2016 Ecrivain d'origine polonaise. il a raconté sa vie dans son pays occupé par l'Allemagne Martin Gray | Mieczysław Grajewski
2%
1732-1799 Dramaturge et homme d'affaires français. Emprisonné pendant la Terreur, il échappe de peu à l'échafaud. Pierre-Augustin Caron de Beaumarchais | Beaumarchais
2%
Aucun quiz correspondant
Distribution des résultats
% des personnes avec chaque résultat
Percentile par nombre de réponses
Votre historique - résultats
Vous n’avez pas pris ce quiz